Statistiques concernant Séries en mots clés

Cliquez ici pour prendre le quiz!

Statistiques générales

  • Ce quiz a été pris 329 fois
  • Le résultat moyen est 17 sur 37

Statistiques - réponses

Mots clésRéponses% Correct
Cassette / Suicide / Ado13 Reasons Why
84%
Sexologue / Ados / AmourSex Education
84%
Meurtre / Espagne / SexeElite
80%
Blog / New York / RagotsGossip Girl
79%
Loups / Ados / LycéeTeen Wolf
77%
Cancer / Méthamphétamine / ProfesseurBreaking Bad
74%
Meutre / Rivière / CheerleadersRiverdale
71%
Librairie / Meurtre / PsycopatheYou
70%
Prison / Drogue / FemmesOrange Is The New Black
64%
Ados / Trésor / SurfOuter Banks
62%
Civilisation / Ados / TerreThe 100
60%
Demon / Onze / MonstresStranger Things
59%
Barbares / Violence / ConquêtesVikings
59%
Plan / Argent / BilletsLa Casa De Papel
56%
Indienne / Sexe / LycéeMes Premières Fois
53%
Echiquier / Addictions / DrogueLe Jeu de la Dame
52%
Démon / Détective / MeurtreLucifer
50%
Cigarette / Argent / BeretPeaky Blinders
50%
Vierge / Jésus / TélénovelaJane The Virgin
48%
Frères / Basket / LycéeLes Frères Scott
45%
Marketing / Gastronomie / ModeEmily In Paris
44%
Miss / Boulémie / LycéeInsatiable
41%
Pluie / Bunker / MortThe Rain
40%
Sorcier / Epoque / Cheveux blancsThe Witcher
36%
Drogues dures / Paillettes / AdosEuphoria
34%
Argent / Famille / HéritageDynastie
33%
Saisons / Ryan Murphy / HorreurAmerican Horror Story
29%
Jeu / Argent / 001Squid Game
26%
France / Royauté / EcossaiseThe Reign
26%
Sorcière / Chat / LycéeLes Nouvelles Aventures de Sabrina
23%
Rune / Demon / AmourShadow Hunters
23%
Mère / Fille / ProblèmesGinny et Georgia
20%
Norvège / Ados / AmourSkam
15%
Viol / Lycée / AcceptationGrand Army
3%
Mensonge / Amour / PutePlan coeur
3%
Bordel / Meutres / RougeSky Rojo
3%
Fées / Amies / AlphéaWinx Saga
3%

Distribution des résultats

Percentile par nombre de réponses

% des personnes avec chaque résultat

Votre développement - résultats

Vous n’avez pas pris ce quiz